[Event "15. Obert Int. Sant Marti 2013"]
[Site "Barcelona ESP"]
[Date "2013.07.17"]
[Round "5.24"]
[White "Silva, Luis Neves Da"]
[Black "Eggleston, David J"]
[Result "1-0"]
[WhiteElo "2218"]
[BlackElo "2363"]
[PlyCount "167"]
[EventDate "2013.07.13"]
[EventType "swiss"]
[EventRounds "9"]
[EventCountry "ESP"]
[SourceTitle "Ajedrez en Madrid"]
[Source "lmi"]
[SourceDate "2013.07.13"]
[SourceVersion "1"]
[SourceVersionDate "2019.06.21"]
[SourceQuality "1"]

1. Nf3 Nf6 2. d4 e6 3. c4 b6 4. g3 Bb7 5. Bg2 Be7 6. O-O O-O 7. d5 exd5 8. Nh4
Ne4 9. cxd5 Nd6 10. Nf3 Bf6 11. Nc3 Na6 12. Nd4 Re8 13. Bf4 Nc4 14. Ncb5 Ne5
15. Rc1 d6 16. b4 h5 17. a3 h4 18. Rc2 h3 19. Bh1 Ng6 20. Qd2 Qd7 21. Bf3 Be5
22. Bg5 Bxd4 23. Nxd4 Ne5 24. Bh1 Rac8 25. Rfc1 b5 26. Bf4 Nb8 27. Bxe5 Rxe5
28. Nc6 Bxc6 29. dxc6 Qe8 30. e3 a5 31. Qd4 Na6 32. Rb2 Rb8 33. Qa7 Ra8 34. Qd4
Rb8 35. Rc3 Rb6 36. bxa5 Rb8 37. Bd5 Nc5 38. Rb4 Na6 39. Rb1 Nc5 40. Rc2 Ne6
41. Qd1 Qc8 42. Rcb2 Qa6 43. a4 b4 44. Rxb4 Rxb4 45. Rxb4 Qxa5 46. Rb5 Qc3 47.
e4 Nd4 48. Rb8+ Kh7 49. Qf1 Qf3 50. Rb2 Rh5 51. a5 Qc3 52. Ra2 Nf3+ 53. Kh1 Qc5
54. Ra1 Nd2 55. Qd1 Rxd5 56. exd5 Qxf2 57. Qh5+ Kg8 58. Qxh3 Qd4 59. Qc8+ Kh7
60. Qf5+ Kg8 61. Rd1 Qc4 62. Qc8+ Kh7 63. Qh3+ Kg8 64. Qg2 Ne4 65. a6 Qa4 66.
Re1 f5 67. g4 Qa5 68. Rf1 Nd2 69. Rd1 Nc4 70. gxf5 Ne3 71. Qd2 Qa4 72. Qd4 Qc2
73. Rg1 Nxf5 74. Qg4 Qd3 75. Rd1 Qc2 76. a7 Nh6 77. a8=Q+ Kh7 78. Qf3 Qg6 79.
Rg1 Qc2 80. Rxg7+ Kxg7 81. Qaf8+ Kh7 82. Qe7+ Kg6 83. Qff6+ Kh5 84. Qg5# 1-0

[Event "15. Obert Int. Sant Marti 2013"]
[Site "Barcelona ESP"]
[Date "2013.07.17"]
[Round "5.25"]
[White "Fernandez Romero, Ernesto"]
[Black "Leiro Giralt, Daniel"]
[Result "1-0"]
[WhiteElo "2480"]
[BlackElo "2220"]
[PlyCount "57"]
[EventDate "2013.07.13"]
[EventType "swiss"]
[EventRounds "9"]
[EventCountry "ESP"]
[SourceTitle "Ajedrez en Madrid"]
[Source "lmi"]
[SourceDate "2013.07.13"]
[SourceVersion "1"]
[SourceVersionDate "2019.06.21"]
[SourceQuality "1"]

1. e4 e5 2. Nf3 Nf6 3. Nxe5 d6 4. Nf3 Nxe4 5. Bd3 d5 6. Qe2 Qe7 7. O-O Nc5 8.
Re1 Qxe2 9. Bxe2 Be7 10. d4 Ne6 11. c4 dxc4 12. Bxc4 c6 13. Nc3 O-O 14. d5 cxd5
15. Nxd5 Bd6 16. Be3 Nc6 17. Rad1 Ne5 18. Nxe5 Bxe5 19. Bc1 Bd6 20. Nf6+ gxf6
21. Rxd6 Kg7 22. Rd3 Rd8 23. Rg3+ Kf8 24. b3 b6 25. Bb2 f5 26. h4 Rd2 27. Bc3
f4 28. Bb4+ Nc5 29. Bxd2 1-0

[Event "15. Obert Int. Sant Marti 2013"]
[Site "Barcelona ESP"]
[Date "2013.07.17"]
[Round "5.26"]
[White "Enchev, Ivajlo"]
[Black "Anguera Maestro, Jaime"]
[Result "1-0"]
[WhiteElo "2448"]
[BlackElo "2180"]
[PlyCount "51"]
[EventDate "2013.07.13"]
[EventType "swiss"]
[EventRounds "9"]
[EventCountry "ESP"]
[SourceTitle "Ajedrez en Madrid"]
[Source "lmi"]
[SourceDate "2013.07.13"]
[SourceVersion "1"]
[SourceVersionDate "2019.06.21"]
[SourceQuality "1"]

1. d4 Nf6 2. c4 g6 3. Nc3 d5 4. cxd5 Nxd5 5. Bd2 Bg7 6. e4 Nxc3 7. Bxc3 O-O 8.
Rc1 c6 9. Nf3 Bg4 10. Be2 Nd7 11. O-O Nf6 12. h3 Be6 13. Qc2 Nh5 14. Rfe1 Qb6
15. b4 h6 16. Bf1 Nf4 17. Qd2 g5 18. h4 f6 19. a4 Qd8 20. g3 Ng6 21. h5 Nh8 22.
Nh2 Qd7 23. Be2 f5 24. exf5 Rxf5 25. Bg4 Rf6 26. Rxe6 1-0

[Event "15. Obert Int. Sant Marti 2013"]
[Site "Barcelona ESP"]
[Date "2013.07.17"]
[Round "5.28"]
[White "Panelo, Marcelo"]
[Black "Salomon, Johan"]
[Result "1-0"]
[WhiteElo "2428"]
[BlackElo "2211"]
[PlyCount "57"]
[EventDate "2013.07.13"]
[EventType "swiss"]
[EventRounds "9"]
[EventCountry "ESP"]
[SourceTitle "Ajedrez en Madrid"]
[Source "lmi"]
[SourceDate "2013.07.13"]
[SourceVersion "1"]
[SourceVersionDate "2019.06.21"]
[SourceQuality "1"]

1. d4 Nf6 2. c4 e6 3. Nc3 Bb4 4. e3 b6 5. Nge2 Ba6 6. a3 Be7 7. Nf4 d5 8. cxd5
Bxf1 9. Kxf1 exd5 10. Qf3 c6 11. g4 g5 12. Nh5 Nxh5 13. gxh5 Qd6 14. e4 dxe4
15. Qxe4 Qe6 16. Qxe6 fxe6 17. h6 Rg8 18. Rg1 Rg6 19. Ne4 Rxh6 20. Bxg5 Rg6 21.
Rc1 Bxg5 22. Nxg5 h6 23. Ne4 Rxg1+ 24. Kxg1 a5 25. Nd6+ Kf8 26. Re1 Ke7 27.
Nc8+ Kf6 28. Nxb6 Na6 29. Nxa8 1-0

[Event "15. Obert Int. Sant Marti 2013"]
[Site "Barcelona ESP"]
[Date "2013.07.17"]
[Round "5.29"]
[White "Gullaksen, Eirik"]
[Black "Christiansen, Johan-Sebastian"]
[Result "0-1"]
[WhiteElo "2380"]
[BlackElo "2155"]
[PlyCount "44"]
[EventDate "2013.07.13"]
[EventType "swiss"]
[EventRounds "9"]
[EventCountry "ESP"]
[SourceTitle "Ajedrez en Madrid"]
[Source "lmi"]
[SourceDate "2013.07.13"]
[SourceVersion "1"]
[SourceVersionDate "2019.06.21"]
[SourceQuality "1"]

1. e4 c5 2. Nf3 d6 3. d4 cxd4 4. Nxd4 Nf6 5. Nc3 a6 6. Bc4 e5 7. Nf5 Bxf5 8.
exf5 Qc8 9. Qd3 Nc6 10. Nd5 Nxd5 11. Qxd5 Qxf5 12. O-O Be7 13. f4 O-O 14. fxe5
Qxe5 15. Bf4 Qxb2 16. Rab1 Qxc2 17. Rxb7 Rac8 18. Bxd6 Bxd6 19. Rfxf7 Kh8 20.
Qxd6 Rxf7 21. Bxf7 Rd8 22. Re7 Qd1+ 0-1

[Event "15. Obert Int. Sant Marti 2013"]
[Site "Barcelona ESP"]
[Date "2013.07.17"]
[Round "5.30"]
[White "Galopoulos, Nikolaos"]
[Black "Herms Agullo, Jordi"]
[Result "1-0"]
[WhiteElo "2343"]
[BlackElo "2130"]
[PlyCount "61"]
[EventDate "2013.07.13"]
[EventType "swiss"]
[EventRounds "9"]
[EventCountry "ESP"]
[SourceTitle "Ajedrez en Madrid"]
[Source "lmi"]
[SourceDate "2013.07.13"]
[SourceVersion "1"]
[SourceVersionDate "2019.06.21"]
[SourceQuality "1"]

1. d4 Nf6 2. Bg5 e6 3. Nf3 c5 4. e3 Qb6 5. Qc1 Nc6 6. c3 d5 7. Nbd2 cxd4 8.
exd4 Bd7 9. b4 Rc8 10. Qb2 Bd6 11. Be2 O-O 12. O-O Ne8 13. a3 f6 14. Bh4 f5 15.
c4 dxc4 16. Nxc4 Qc7 17. Rac1 a6 18. Ne3 h6 19. d5 exd5 20. Nxd5 Qb8 21. Nb6
Rc7 22. Qb3+ Kh8 23. Rfd1 Bc8 24. Bc4 Ne5 25. Nxe5 Bxe5 26. Nd5 Rxc4 27. Qxc4
Be6 28. Qe2 g5 29. Bxg5 hxg5 30. Qh5+ Kg8 31. Ne7+ 1-0

[Event "15. Obert Int. Sant Marti 2013"]
[Site "Barcelona ESP"]
[Date "2013.07.17"]
[Round "5.31"]
[White "Minko, Vladimir"]
[Black "Heredia Tarrats, Amadeu"]
[Result "1-0"]
[WhiteElo "2312"]
[BlackElo "2098"]
[PlyCount "69"]
[EventDate "2013.07.13"]
[EventType "swiss"]
[EventRounds "9"]
[EventCountry "ESP"]
[SourceTitle "Ajedrez en Madrid"]
[Source "lmi"]
[SourceDate "2013.07.13"]
[SourceVersion "1"]
[SourceVersionDate "2019.06.21"]
[SourceQuality "1"]

1. d4 Nf6 2. c4 g6 3. Nf3 Bg7 4. g3 d5 5. cxd5 Nxd5 6. Bg2 Nb6 7. O-O Nc6 8. e3
O-O 9. Nc3 Re8 10. d5 Na5 11. Nd4 Bd7 12. b3 e5 13. dxe6 Bxe6 14. Bb2 Nd5 15.
Nxe6 fxe6 16. Nxd5 Bxb2 17. Rb1 Bg7 18. Nf4 c6 19. Qg4 Qe7 20. Rfd1 c5 21. Nxe6
Bf6 22. Nf4 Rad8 23. Bd5+ Kh8 24. Qh3 Qg7 25. Bf3 Qf7 26. Rd5 g5 27. Bh5 Qg8
28. Bxe8 Rxe8 29. Rf5 gxf4 30. Rxf6 fxe3 31. fxe3 Qg5 32. Rf4 Nc6 33. Qd7 Qg6
34. Rbf1 Re7 35. Qc8+ 1-0

[Event "15. Obert Int. Sant Marti 2013"]
[Site "Barcelona ESP"]
[Date "2013.07.17"]
[Round "5.32"]
[White "Martorell Aguado, Joan"]
[Black "Ramirez Garcia, Jorge Alberto"]
[Result "0-1"]
[WhiteElo "2167"]
[BlackElo "2303"]
[PlyCount "138"]
[EventDate "2013.07.13"]
[EventType "swiss"]
[EventRounds "9"]
[EventCountry "ESP"]
[SourceTitle "Ajedrez en Madrid"]
[Source "lmi"]
[SourceDate "2013.07.13"]
[SourceVersion "1"]
[SourceVersionDate "2019.06.21"]
[SourceQuality "1"]

1. d4 d5 2. Nf3 e6 3. c4 c6 4. Qc2 dxc4 5. a4 c5 6. Qxc4 Nc6 7. e3 cxd4 8. exd4
Nf6 9. Nc3 Be7 10. Be2 O-O 11. O-O Bd7 12. Rd1 Nb4 13. Qb3 Bc6 14. Ne5 Rc8 15.
Bg5 Nfd5 16. Bxe7 Qxe7 17. Bf3 Rfd8 18. Rac1 Nxc3 19. Nxc6 Ne2+ 20. Bxe2 Nxc6
21. Bb5 Nb4 22. g3 h6 23. Bc4 Rc7 24. Qe3 Rcd7 25. Rd2 Qd6 26. Rcd1 a6 27. h4
Qb6 28. Qb3 Rd6 29. Kh2 a5 30. f4 Rxd4 31. Rxd4 Rxd4 32. Qe3 Nc6 33. b3 Qd8 34.
Re1 Rd2+ 35. Re2 Rxe2+ 36. Qxe2 Qd6 37. Qf3 Qd2+ 38. Kh3 g6 39. h5 g5 40. Bd3
f5 41. fxg5 hxg5 42. Bxf5 Nd4 43. Bh7+ Kg7 44. Qe4 g4+ 45. Qxg4+ Kxh7 46. Qg6+
Kh8 47. h6 Nf5 48. Qe8+ Kh7 49. Qf7+ Kxh6 50. Qxe6+ Kg5 51. Qg8+ Kf6 52. Qf8+
Kg6 53. Qe8+ Kf6 54. Qf8+ Ke6 55. Qg8+ Kd7 56. Qh7+ Ne7 57. Qe4 Qh6+ 58. Kg2
Qc6 59. Kf3 Nf5 60. g4 Nd4+ 61. Ke3 Qxe4+ 62. Kxe4 Nxb3 63. Kd5 b6 64. g5 Nc5
65. g6 Ne6 66. Ke5 Ke7 67. Kd5 Kd7 68. Ke5 Ke7 69. Kd5 Nc5 0-1

[Event "15. Obert Int. Sant Marti 2013"]
[Site "Barcelona ESP"]
[Date "2013.07.17"]
[Round "5.33"]
[White "Haug, Johannes"]
[Black "Garcia Blanco, Omar"]
[Result "0-1"]
[WhiteElo "2042"]
[BlackElo "2253"]
[PlyCount "62"]
[EventDate "2013.07.13"]
[EventType "swiss"]
[EventRounds "9"]
[EventCountry "ESP"]
[SourceTitle "Ajedrez en Madrid"]
[Source "lmi"]
[SourceDate "2013.07.13"]
[SourceVersion "1"]
[SourceVersionDate "2019.06.21"]
[SourceQuality "1"]

1. e4 c5 2. c3 g6 3. d4 cxd4 4. cxd4 d5 5. e5 Bg7 6. Nc3 Nh6 7. Nf3 Nc6 8. Be2
O-O 9. O-O Bg4 10. h3 Bxf3 11. Bxf3 Nf5 12. Be3 Nxe3 13. fxe3 e6 14. a3 Rc8 15.
Qd3 Na5 16. Nb5 Qb6 17. Nd6 Rc6 18. Rfc1 Rxd6 19. exd6 Nb3 20. Qc3 Nxd4 21. Qc8
Nxf3+ 22. gxf3 Qxe3+ 23. Kh1 Qxf3+ 24. Kg1 Bd4+ 25. Kh2 Be5+ 26. Kg1 Qg3+ 27.
Kf1 Qxh3+ 28. Ke2 Bxd6 29. Qxb7 Qg2+ 30. Kd1 Qf3+ 31. Kc2 Rb8 0-1

[Event "15. Obert Int. Sant Marti 2013"]
[Site "Barcelona ESP"]
[Date "2013.07.17"]
[Round "5.34"]
[White "Thakur, Akash"]
[Black "Cervello Tost, Ferran"]
[Result "1-0"]
[WhiteElo "2234"]
[BlackElo "2049"]
[PlyCount "47"]
[EventDate "2013.07.13"]
[EventType "swiss"]
[EventRounds "9"]
[EventCountry "ESP"]
[SourceTitle "Ajedrez en Madrid"]
[Source "lmi"]
[SourceDate "2013.07.13"]
[SourceVersion "1"]
[SourceVersionDate "2019.06.21"]
[SourceQuality "1"]

1. d4 d5 2. Nc3 e6 3. e4 Nf6 4. Bg5 Be7 5. Bxf6 Bxf6 6. Nf3 O-O 7. Qd3 b6 8.
exd5 exd5 9. O-O-O c6 10. h4 Nd7 11. Kb1 b5 12. Ng5 g6 13. f4 Nb6 14. Qg3 h5
15. Bd3 Qd6 16. Rhe1 Nc4 17. Nxf7 Bxh4 18. Nh6+ Kh7 19. Qxh4 Kxh6 20. Qg5+ Kg7
21. Re7+ Rf7 22. Rde1 Qf6 23. Rxf7+ Kxf7 24. Bxg6+ 1-0

[Event "15. Obert Int. Sant Marti 2013"]
[Site "Barcelona ESP"]
[Date "2013.07.17"]
[Round "5.35"]
[White "Frank-Nielsen, Marie"]
[Black "Guerrero Sierra, Juan Carlos"]
[Result "0-1"]
[WhiteElo "2016"]
[BlackElo "2227"]
[PlyCount "92"]
[EventDate "2013.07.13"]
[EventType "swiss"]
[EventRounds "9"]
[EventCountry "ESP"]
[SourceTitle "Ajedrez en Madrid"]
[Source "lmi"]
[SourceDate "2013.07.13"]
[SourceVersion "1"]
[SourceVersionDate "2019.06.21"]
[SourceQuality "1"]

1. e4 c5 2. c3 d5 3. exd5 Qxd5 4. d4 g6 5. Nf3 Bg7 6. Be2 Nf6 7. O-O O-O 8. h3
cxd4 9. cxd4 Nc6 10. Nc3 Qd8 11. a3 Nd5 12. Re1 Bf5 13. Qb3 Nb6 14. Be3 Be6 15.
Qd1 Rc8 16. Ne4 Nc4 17. Bxc4 Bxc4 18. Rc1 Bd5 19. Ned2 Qb6 20. Qc2 a5 21. b4
axb4 22. axb4 Qxb4 23. Rb1 Qd6 24. Rec1 h6 25. Qd1 Rfd8 26. Nc4 Bxc4 27. Rxc4
Rc7 28. Qc1 Rdc8 29. Rb6 Nxd4 30. Rxc7 Nxf3+ 31. gxf3 Rxc7 32. Qb1 Qd5 33. Kg2
e5 34. Qb4 Bf8 35. Qa4 Kh7 36. Qe8 Bg7 37. Qb8 Rd7 38. Qe8 Rd8 39. Qa4 Rd6 40.
Rb4 Rf6 41. Re4 b5 42. Qb4 Rxf3 43. Kxf3 f5 44. h4 Bf6 45. Qf8 Qxe4+ 46. Ke2
Bg7 0-1

[Event "15. Obert Int. Sant Marti 2013"]
[Site "Barcelona ESP"]
[Date "2013.07.17"]
[Round "5.36"]
[White "Pettersen, Joar Gullestad"]
[Black "Guttulsrud, Odd Martin"]
[Result "1/2-1/2"]
[WhiteElo "1944"]
[BlackElo "2212"]
[PlyCount "81"]
[EventDate "2013.07.13"]
[EventType "swiss"]
[EventRounds "9"]
[EventCountry "ESP"]
[SourceTitle "Ajedrez en Madrid"]
[Source "lmi"]
[SourceDate "2013.07.13"]
[SourceVersion "1"]
[SourceVersionDate "2019.06.21"]
[SourceQuality "1"]

1. d4 Nf6 2. c4 c5 3. d5 e6 4. Nc3 exd5 5. cxd5 d6 6. e4 g6 7. f3 Bg7 8. Be3
O-O 9. Qd2 a6 10. a4 Nbd7 11. Nh3 Rb8 12. Nf2 Re8 13. Be2 h5 14. O-O Ne5 15. a5
b6 16. axb6 Qxb6 17. Rfb1 a5 18. Nb5 Bd7 19. Rxa5 Bxb5 20. Bxb5 Qxb5 21. Rxb5
Rxb5 22. Nd1 Reb8 23. Qc2 Ra8 24. Bd2 Nfd7 25. h3 Nb6 26. Ne3 Ra2 27. f4 Rbxb2
28. Rxb2 Rxb2 29. Qxb2 Nf3+ 30. gxf3 Bxb2 31. Kf1 Bd4 32. Nc2 Bg7 33. Na3 Bb2
34. Nb5 Nc4 35. Ke2 Kf8 36. Be1 Ke7 37. Kd3 Nb6 38. Ba5 Nc8 39. Bd2 Kd7 40. Ba5
Bc1 41. Bd2 1/2-1/2

[Event "15. Obert Int. Sant Marti 2013"]
[Site "Barcelona ESP"]
[Date "2013.07.17"]
[Round "5.38"]
[White "Montell Zabay, Alberto"]
[Black "Pellus Ruiz, Josep"]
[Result "1-0"]
[WhiteElo "2026"]
[BlackElo "2171"]
[PlyCount "81"]
[EventDate "2013.07.13"]
[EventType "swiss"]
[EventRounds "9"]
[EventCountry "ESP"]
[SourceTitle "Ajedrez en Madrid"]
[Source "lmi"]
[SourceDate "2013.07.13"]
[SourceVersion "1"]
[SourceVersionDate "2019.06.21"]
[SourceQuality "1"]

1. e4 d6 2. d4 Nf6 3. Nc3 g6 4. g3 Bg7 5. Bg2 O-O 6. Nge2 e5 7. h3 exd4 8. Nxd4
Bd7 9. O-O Nc6 10. Be3 Re8 11. Qd2 Qc8 12. Kh2 Re5 13. Nde2 Rh5 14. Nf4 Ng4+
15. Kg1 Nxe3 16. Qxe3 Re5 17. h4 Re8 18. Rad1 Ne5 19. b3 b5 20. Qd2 a5 21. Ncd5
a4 22. Ne2 c6 23. Nb6 Qb7 24. Nxa8 Bf8 25. h5 Qxa8 26. hxg6 hxg6 27. Nd4 Qd8
28. f4 Ng4 29. f5 Bh6 30. Qe2 Ne3 31. fxg6 fxg6 32. bxa4 Qg5 33. axb5 Qxg3 34.
Rf3 Qg5 35. Rxe3 Qxe3+ 36. Qxe3 Bxe3+ 37. Kf1 cxb5 38. Ke2 Bf4 39. Rb1 Ra8 40.
e5 Rxa2 41. Bd5+ 1-0

[Event "15. Obert Int. Sant Marti 2013"]
[Site "Barcelona ESP"]
[Date "2013.07.17"]
[Round "5.39"]
[White "Saez Coma, Alejandro"]
[Black "Amores Gago, Javier"]
[Result "0-1"]
[WhiteElo "2025"]
[BlackElo "2167"]
[PlyCount "52"]
[EventDate "2013.07.13"]
[EventType "swiss"]
[EventRounds "9"]
[EventCountry "ESP"]
[SourceTitle "Ajedrez en Madrid"]
[Source "lmi"]
[SourceDate "2013.07.13"]
[SourceVersion "1"]
[SourceVersionDate "2019.06.21"]
[SourceQuality "1"]

1. d4 Nf6 2. Nf3 g6 3. c4 Bg7 4. Nc3 O-O 5. Bf4 d6 6. e3 Nfd7 7. Be2 e5 8. Bg3
h6 9. dxe5 dxe5 10. e4 Nc6 11. Bh4 g5 12. Bg3 a6 13. Nd2 Nd4 14. Nb3 c6 15. h4
a5 16. hxg5 Qxg5 17. Qc1 a4 18. Qxg5 hxg5 19. Nxd4 exd4 20. Nd1 a3 21. Bd3 Ne5
22. Kd2 Nxd3 23. Kxd3 axb2 24. Nxb2 f5 25. Bd6 fxe4+ 26. Kxe4 Rxf2 0-1

[Event "15. Obert Int. Sant Marti 2013"]
[Site "Barcelona ESP"]
[Date "2013.07.17"]
[Round "5.40"]
[White "Cherednichenko, Elena"]
[Black "Ofstad, Sigurd"]
[Result "1-0"]
[WhiteElo "2167"]
[BlackElo "2007"]
[PlyCount "69"]
[EventDate "2013.07.13"]
[EventType "swiss"]
[EventRounds "9"]
[EventCountry "ESP"]
[SourceTitle "Ajedrez en Madrid"]
[Source "lmi"]
[SourceDate "2013.07.13"]
[SourceVersion "1"]
[SourceVersionDate "2019.06.21"]
[SourceQuality "1"]

1. d4 f5 2. g3 Nf6 3. Bg2 g6 4. c4 Bg7 5. Nc3 O-O 6. Nh3 Nc6 7. d5 Ne5 8. b3 d6
9. Bd2 Bd7 10. O-O c5 11. Qc2 a6 12. a4 b6 13. Ng5 Rb8 14. Rae1 Ne8 15. e4 fxe4
16. Bxe4 Nc7 17. f4 Ng4 18. f5 h6 19. Ne6 Bxe6 20. fxe6 g5 21. Bf5 Ne5 22. Qd1
Qe8 23. Bb1 b5 24. Kg2 bxc4 25. Qc2 Nd3 26. Rxf8+ Qxf8 27. Rf1 Bf6 28. bxc4
Rxb1 29. Qxb1 Ne5 30. Qe4 Kg7 31. Nd1 Qe8 32. Ne3 Qxa4 33. Nf5+ Kh8 34. Nxd6
Kg7 35. Nf5+ 1-0

[Event "15. Obert Int. Sant Marti 2013"]
[Site "Barcelona ESP"]
[Date "2013.07.17"]
[Round "5.41"]
[White "Zapata Arbelaez, Estiven"]
[Black "Meza Martinez, Alcides Ivan"]
[Result "1-0"]
[WhiteElo "2001"]
[BlackElo "2136"]
[PlyCount "129"]
[EventDate "2013.07.13"]
[EventType "swiss"]
[EventRounds "9"]
[EventCountry "ESP"]
[SourceTitle "Ajedrez en Madrid"]
[Source "lmi"]
[SourceDate "2013.07.13"]
[SourceVersion "1"]
[SourceVersionDate "2019.06.21"]
[SourceQuality "1"]

1. d4 e6 2. c4 f5 3. Nc3 Nf6 4. Nf3 d5 5. cxd5 exd5 6. Bf4 c6 7. e3 Be7 8. Bd3
O-O 9. O-O Ne4 10. h3 Nd7 11. Qc2 Qe8 12. a3 h6 13. Nd2 Qh5 14. f3 Nxd2 15.
Qxd2 g5 16. Bc7 Nf6 17. e4 g4 18. exf5 g3 19. Bxg3 Bxf5 20. Bxf5 Qxf5 21. Rae1
Rf7 22. Qxh6 Bf8 23. Qd2 Qg6 24. Be5 Bh6 25. f4 Nh5 26. Rf3 Raf8 27. Ne2 Kh7
28. Kh2 Nf6 29. Bxf6 Qxf6 30. g3 Re8 31. Re3 Rxe3 32. Qxe3 Re7 33. Qd3+ Kg8 34.
Rd1 Bg7 35. Ng1 Qe6 36. Rd2 Qe4 37. Qxe4 dxe4 38. Ne2 e3 39. Rd3 c5 40. dxc5
Bxb2 41. Kg2 Rc7 42. Kf3 Rxc5 43. Rb3 Bc1 44. Nxc1 Rxc1 45. Rxe3 Kf7 46. h4 b5
47. Ke4 a5 48. Kd4 Kf6 49. Rb3 Rc4+ 50. Kd5 Ra4 51. Kc5 b4 52. axb4 axb4 53. g4
Ra8 54. Rxb4 Rh8 55. Rb6+ Ke7 56. h5 Rf8 57. f5 Kf7 58. Kd5 Rd8+ 59. Ke5 Ra8
60. Rb7+ Kg8 61. Kf6 Kh8 62. Kg6 Rg8+ 63. Kh6 Rf8 64. g5 Rg8 65. Rh7# 1-0

[Event "15. Obert Int. Sant Marti 2013"]
[Site "Barcelona ESP"]
[Date "2013.07.17"]
[Round "5.43"]
[White "Ortiz De Latierro Olivella, Aitor"]
[Black "Blandon, Luis Guillermo"]
[Result "0-1"]
[WhiteElo "2078"]
[BlackElo "1993"]
[PlyCount "62"]
[EventDate "2013.07.13"]
[EventType "swiss"]
[EventRounds "9"]
[EventCountry "ESP"]
[SourceTitle "Ajedrez en Madrid"]
[Source "lmi"]
[SourceDate "2013.07.13"]
[SourceVersion "1"]
[SourceVersionDate "2019.06.21"]
[SourceQuality "1"]

1. e4 c5 2. Nf3 d6 3. d4 cxd4 4. Nxd4 Nf6 5. Nc3 g6 6. Be3 Bg7 7. Bc4 O-O 8. f3
Nc6 9. Bb3 Bd7 10. Qd2 Rc8 11. O-O-O Ne5 12. g4 Qa5 13. Kb1 Rfe8 14. h4 Qb4 15.
a3 Qa5 16. h5 Nc4 17. Bxc4 Rxc4 18. hxg6 fxg6 19. Nb3 Qc7 20. Bh6 Bh8 21. Bg5
Be6 22. Bxf6 Bxf6 23. Ne2 Rc8 24. Rc1 Qb6 25. Nf4 Bg5 26. Na1 Rf8 27. Qh2 Rxf4
28. Qxh7+ Kf8 29. Qxg6 Bf6 30. e5 Bxe5 31. Nb3 Bf7 0-1

[Event "15. Obert Int. Sant Marti 2013"]
[Site "Barcelona ESP"]
[Date "2013.07.17"]
[Round "5.44"]
[White "Ridameya Tatche, Jose Miguel"]
[Black "Barcelo Sola, David"]
[Result "1-0"]
[WhiteElo "1991"]
[BlackElo "2075"]
[PlyCount "97"]
[EventDate "2013.07.13"]
[EventType "swiss"]
[EventRounds "9"]
[EventCountry "ESP"]
[SourceTitle "Ajedrez en Madrid"]
[Source "lmi"]
[SourceDate "2013.07.13"]
[SourceVersion "1"]
[SourceVersionDate "2019.06.21"]
[SourceQuality "1"]

1. e4 e5 2. Bc4 Nf6 3. d4 exd4 4. Nf3 Nc6 5. Ng5 Ne5 6. Qxd4 Nxc4 7. Qxc4 d5 8.
exd5 Qxd5 9. Qe2+ Be7 10. O-O Bd7 11. Re1 O-O-O 12. Qxe7 Rhe8 13. Qb4 Qc5 14.
Rxe8 Qxb4 15. Rxd8+ Kxd8 16. Nc3 Kc8 17. a3 Qb6 18. Rb1 Ng4 19. Nh3 Qg6 20. Bf4
Bc6 21. Bg3 Qxc2 22. Nf4 g5 23. Nfe2 h5 24. Nd4 Qg6 25. h3 h4 26. Bxc7 Nxf2 27.
Bh2 Nd3 28. Rf1 Nxb2 29. Be5 Nd3 30. Rf6 Nxe5 31. Rxg6 Nxg6 32. Nxc6 bxc6 33.
Ne4 Ne5 34. Nxg5 Kc7 35. Kf2 Kb6 36. Ke3 f6 37. Ne4 Nc4+ 38. Kd4 f5 39. Ng5
Nxa3 40. Nf3 Kb5 41. Nxh4 f4 42. Ng6 Kb4 43. Nxf4 c5+ 44. Ke4 c4 45. h4 Nb5 46.
Ke5 a5 47. Ne2 c3 48. h5 c2 49. h6 1-0

[Event "15. Obert Int. Sant Marti 2013"]
[Site "Barcelona ESP"]
[Date "2013.07.17"]
[Round "5.45"]
[White "Jaramillo Ochoa, Mateo"]
[Black "Lien, Kjell Hakon"]
[Result "1/2-1/2"]
[WhiteElo "2074"]
[BlackElo "1910"]
[PlyCount "73"]
[EventDate "2013.07.13"]
[EventType "swiss"]
[EventRounds "9"]
[EventCountry "ESP"]
[SourceTitle "Ajedrez en Madrid"]
[Source "lmi"]
[SourceDate "2013.07.13"]
[SourceVersion "1"]
[SourceVersionDate "2019.06.21"]
[SourceQuality "1"]

1. d4 Nf6 2. c4 g6 3. Nf3 Bg7 4. g3 O-O 5. Bg2 d6 6. O-O Nbd7 7. Nc3 e5 8. e4
Re8 9. d5 a5 10. h3 Nc5 11. Qc2 Nh5 12. Be3 f5 13. Nd2 Nxe4 14. Ncxe4 fxe4 15.
Nxe4 Bf5 16. Rac1 b6 17. b3 Bxe4 18. Bxe4 Bf6 19. Kh2 Ng7 20. a3 Bg5 21. Qd2
Bxe3 22. fxe3 Rf8 23. Rxf8+ Qxf8 24. g4 Ne8 25. Qg2 Nf6 26. Rf1 Qe7 27. Bc2 Nd7
28. g5 Rf8 29. h4 Rxf1 30. Qxf1 Kg7 31. Qf3 Qf7 32. Qxf7+ Kxf7 33. Kg3 Kg7 34.
b4 axb4 35. axb4 Nb8 36. b5 Nd7 37. Kf3 1/2-1/2

[Event "15. Obert Int. Sant Marti 2013"]
[Site "Barcelona ESP"]
[Date "2013.07.17"]
[Round "5.46"]
[White "Vargas Drechsler, Carlos"]
[Black "Fernandez Aguilar, Francisco"]
[Result "0-1"]
[WhiteElo "1903"]
[BlackElo "2040"]
[PlyCount "108"]
[EventDate "2013.07.13"]
[EventType "swiss"]
[EventRounds "9"]
[EventCountry "ESP"]
[SourceTitle "Ajedrez en Madrid"]
[Source "lmi"]
[SourceDate "2013.07.13"]
[SourceVersion "1"]
[SourceVersionDate "2019.06.21"]
[SourceQuality "1"]

1. d4 d5 2. Nf3 Nf6 3. c4 c6 4. b3 Bf5 5. g3 e6 6. Bg2 Bb4+ 7. Bd2 Be7 8. O-O
O-O 9. Nc3 h6 10. Re1 Nbd7 11. Rc1 Ba3 12. Nh4 Bxc1 13. Bxc1 Bh7 14. f4 Ne4 15.
Nxe4 Bxe4 16. Bh3 f5 17. e3 Qf6 18. Nf3 Bxf3 19. Qxf3 g5 20. Bg2 g4 21. Qf2 Qe7
22. Qb2 a5 23. Qa3 Qxa3 24. Bxa3 Rfc8 25. c5 h5 26. Kf2 Kf7 27. Rh1 Nf6 28. Bb2
h4 29. Rc1 Rh8 30. a4 hxg3+ 31. hxg3 Rh2 32. Rh1 Ne4+ 33. Kg1 Rxh1+ 34. Kxh1
Nxg3+ 35. Kg1 Ne4 36. Bxe4 dxe4 37. Bc3 Rh8 38. Bxa5 Rh3 39. Bd2 g3 40. b4 Rh2
41. Be1 Re2 42. Bxg3 Rxe3 43. Kg2 Rd3 44. Bf2 e3 45. Be1 Rxd4 46. Kf3 Rd1 47.
Ke2 Ra1 48. a5 Ke8 49. Bc3 Ra3 50. Be1 Rb3 51. Kd1 Kd7 52. Kc2 Ra3 53. Bc3 e2
54. Be1 Rf3 0-1